Quiz Pokémon - Statistiques

Statistiques générales
  • Ce quiz a été pris 33 fois
    9 depuis la dernière actualisation
  • Le résultat moyen est 11 sur 17
Statistiques - réponses
Question Réponse % Correct
Quel est le duo de légendaire contrôle le temps et l'espace ? Dialga & Palkia
100%
Est-ce qu'on peut affronter des dresseur comportant un légendaire dans leur équipe ? Oui
100%
Quel est le pays qui n'a pas été "représenter" dans les jeux Pokémon ? Allemagne
88%
Les pokémons barons ont une spécialité. Laquelle (hors du niveau) ? Au moins 1 IV garantie au max
75%
Quel pokémon n'a pas besoin d'une méga-gemme pour méga-évoluer ? Rayquaza
75%
Quel est le pokémon avec le plus de formes différentes ? Spinda
75%
Quel est le pokémon lorsqu'il méga-évolue à un double type unique ? Altaria
63%
Quel est le pokémon de type électrique qui évolue le plus tard par montée de niveau ? Anchwatt
63%
Quel est le pokémon légendaire/fabuleux (avant la 8ème génération) avait un type ou double type unique ? Boréas
63%
Force-nature est une attaque spéciale, selon l'endroit où elle lancée, elle remplace une autre attaque (ex:sous l'eau=surf). Cependant cette attaque peur en copier une autre qu'une fois dans un certain jeu . Quelle est cette attaque ? Draco-météore
63%
Dans la 7ème génération, nous avons eu droit à une distribution d'un Tokorico shiny cependant personne ne le jouait à cause d'une chose laquelle ? Mauvaise nature
63%
Existe-t-il des dresseurs ayant un pokémon shiny ? Oui 2 ou +
63%
Dans l'histoire de la stratégie Pokémon, il y'a eu de nombreux pokemon banni mais un qui a été banni en 4ème génération mais ce n'est pas un légendaire ni fabuleux mais un pokemon riquiqui. Quel est ce pokemon ? Pijako
63%
Lequel n'est pas un fabuleux ? Vémini
63%
Quel est le jeu Pokémon (Ds et 3Ds) à le temps de "reset" le plus rapide devant les starters ? Heart Gold & Soul Silver
50%
Quel est l'attaque chargée "signature" des pokémons obscurs dans Pokémon GO ? Frustration
38%
Il est possible de passer la distorsion ? Oui avec augmentation de stat + objet
13%
Aucun quiz correspondant
Distribution des résultats
% des personnes avec chaque résultat
Percentile par nombre de réponses
Votre historique - résultats
Vous n’avez pas pris ce quiz depuis la dernière actualisation